000 01101nam a2200193Ia 4500
003 Ost
005 20260507075510.0
008 260507s9999||||xx |||||||||||||| ||und||
040 _cfsecg
041 _aara
082 _a658.8
100 _aقدو، بديع جميل
_eمؤلف
245 0 _aالتسويق الدولي /
_c بديع جميل قدو
260 _aعمان:
_bدار المسيرة,
_c2009
300 _a368 صفحة؛
_bإيضاحات ؛
_c25 سم
520 _aالتسويق الدولي،نظريات التبادل التجاري الدولي وأسسه،بيئة التسويق الدولي،متغيرات البيئة الدولية،بحوث التسويق ونظم المعلومات التسويقية،تحليل الأسواق الخارجية،استراتيجيات الدخول إلى الأسواق الدولية،ستراتيجيات السلعة،ستراتيجيات التسعير،ستراتيجيات التوزيع الدولي،ستراتيجيات الترويج،تسويق الخدمات
653 _aالتسويق الدولي
942 _cكتاب
999 _c44732
_d44732